El filósofo de la política: Gramsci, ese desconocido /
সংরক্ষণ করুন:
| প্রধান লেখক: | |
|---|---|
| বিন্যাস: | গ্রন্থ |
| ভাষা: | Spanish |
| অনলাইন ব্যবহার করুন: | texto completo |
| ট্যাগগুলো: |
ট্যাগ যুক্ত করুন
কোনো ট্যাগ নেই, প্রথমজন হিসাবে ট্যাগ করুন!
|
MARC
| LEADER | 00000nam a22000007a 4500 | ||
|---|---|---|---|
| 003 | cru CIDCACS/IIS | ||
| 005 | 20181005062527.0 | ||
| 007 | ta | ||
| 008 | 181004s1977 cr q||p|r||||||0| ||spa|d | ||
| 999 | |c 41760 |d 41760 | ||
| 040 | |c cru CIDCACS/IIS | ||
| 100 | 1 | |a Santos, Raimundo |9 7769 | |
| 245 | 1 | 3 | |a El filósofo de la política: |b Gramsci, ese desconocido / |c Raimundo Santos |
| 300 | |a páginas 55-69 | ||
| 773 | 0 | |0 41758 |9 2308 |a Universidad Nacional de Costa Rica. |d Heredia, Costa Rica: UNA 1975- |o 17484 |t Praxis / | |
| 856 | |u https://core.ac.uk/download/pdf/48861140.pdf |y texto completo | ||
| 942 | |2 ddc |c PP | ||
